000 00612nam a22001817a 4500
001 85854
005 20260429155442.0
008 260429n sp ||||| |||| 00| 0 spa d
040 _aM-RABA
_bspa
_cM-RABA
245 0 3 _aEl escultor Victorio Macho
_b: Monumentos de España y América
_c/ Real Fundación de Toledo
260 _a[Toledo]
_b: Real Fundación de Toledo
_c, s. a.
300 _a[4] p. (sin numerar)
_b: il. b. y n.
_c; 30 cm
600 1 7 _aMacho, Victorio (
_d1887-1966)
_929783
655 4 _aFolletos
_961837
710 2 _aReal Fundación de Toledo
_94091
852 _jF-16123
942 _cFONDOMODER
_n0
999 _c85854
_d85854